000 00379nam a2200157Ia 4500
008 240729s9999 xx 000 0 und d
022 _a2543-6376
245 0 _aOpen Astronomy
260 _aPoland
260 _bDe Gruyter
650 _a Astronomy
650 _aScience
856 _uhttps://doaj.org/toc/6804baf9f7b84c5f86afeb0bb565c987
942 _2ddc
942 _cDOAJEJ
999 _c73896
_d73896
945 _a1
_bMadushi Gamage
_c1
_dMadushi Gamage